Match Largest US Stadiums to Teams: Click Quiz - Statistics

General Stats
  • This quiz has been taken 11 times
  • The average score is 15 of 20
Answer Stats
Hint Answer % Correct
Green Bay Packers Lambeau Field
100%
New York Giants & New York Jets Metlife Stadium
100%
Michigan Wolverines Michigan Stadium
100%
The Fighting Irish Notre Dame Stadium
100%
UCLA Bruins, ____ ____ NCAA Game Rose Bowl
100%
Dallas Cowboys, Big 12 Championship Game AT&T Stadium
90%
Red River Rivalry, State Fair Classic, Atlético Dallas, Dallas Trinity Cotton Bowl
90%
Ohio State Buckeyes Ohio Stadium
90%
Alabama Crimson Tide Bryant-Denny Stadium
80%
Texas A&M Aggies Kyle Field
80%
Tennessee Volunteers Neyland Stadium
80%
Penn State Nittany Lions Beaver Stadium
70%
Clemson Tigers Memorial Stadium "Death Valley"
70%
Auburn Tigers Jordan-Hare Stadium
60%
Nebraska Cornhuskers Memorial Stadium "Sea of Red"
60%
Florida Gators Ben Hill Griffin Stadium
50%
Texas Longhorns Darrell K Royal Memorial Stadium
50%
Oklahoma Sooners Gaylord Family Memorial Stadium
50%
LSU Tigers Tiger Stadium
50%
Georgia Bulldogs Sanford Stadium
40%
No matching quizzes found
Score Distribution
Percent of People with Each Score
Percentile by Number Answered
Your Score History
You have not taken this quiz